Responses for Show #2961 - Monday, June 16, 1997

Arthur Phillips game 5.

Contestants

[<< previous game]

John Kiernan, a computer programmer and writer originally from Stamford, Connecticut

Lee Morgan, a voice teacher & accountant from Winston-Salem, North Carolina

Arthur Phillips, a speechwriter from Boston, Massachusetts (whose 4-day cash winnings total $44,603)

[next game >>]

Jeopardy! Round responses

HISTORY
GEMS & JEWELS
ROCK LYRICS
BUSINESS & INDUSTRY
SPORTS
"C" IN GEOGRAPHY
    $100 6
Margaret Thatcher

Lee
    $100 21
a ruby

John
    $100 1
Beethoven

Arthur
    $100 26
Campbell's

Lee
    $100 16
Martina Navratilova

Arthur
    $100 11
Canberra

Arthur
    $200 7
the Soviet Union (or the U.S.S.R. or Russia)

John
    $200 22
diamonds

Lee
    $200 2
Charlie Brown

Lee
    $200 27
liquor

John
    $200 17
Dallas Cowboys

Arthur
    $200 12
Cardiff

Arthur
    $300 8
Macedonia

Lee
    $300 23
sapphire

Arthur
    $300 3
"Proud Mary"

Arthur
    $300 28
Duracell

Arthur
    $300 18
Kareem Abdul-Jabbar (or Magic Johnson)

Arthur
    $300 13
(John: What is Chungking?)

Canton

ArthurJohn
    $400 9
Charlemagne

Lee
    $400 24
green

Lee
    $400 4
(Lee: What is "I do for you"?)
(Alex: Yes... No? I thought Lee had said that?)

"I do it for you"

ArthurLee
    $400 29
Mongolia

Lee
    $400 19
Brazil

Lee
    $400 14
Chile

Arthur
    $500 10
Giuseppe Garibaldi

John
    $500 25
jade

Lee
    $500 5
"Time After Time"

Arthur
    $500 30
Tropicana

John
    $500 20
Danny Wuerffel

Triple Stumper
    $2,300 15
(Alex: Sure--easy come, easy go when you're a 4-day champion with close to $50,000!)

the Congo River

Arthur

Scores at the first commercial break (after clue 15):

Arthur Lee John
$4,600 $600 $400

Scores at the end of the Jeopardy! Round:

Arthur Lee John
$5,800 $2,600 $1,200

Double Jeopardy! Round responses

MYTHOLOGY
HAIL TO THE CHIEF
(Alex: About presidents, obviously.)
FILMS OF THE '70s
FICTIONAL CHARACTERS
VEGETARIAN CUISINE
PARTICLE PHYSICS
    $200 22
cyclopes

Arthur
    $200 1
(Alex: John F. Kennedy was the other one.)

Arlington National Cemetery

John
    $200 6
Apocalypse Now

Arthur
    $200 13
Huckleberry Finn

Arthur
    $200 8
honey

John
    $200 21
light

Arthur
    $400 23
Poseidon

John
    $400 2
George Washington

Arthur
    $400 9
Cabaret

Arthur
    $400 14
(Arthur: What is Oliver Twist?)

Pip

ArthurLee
    $400 15
sugar

Lee
    $400 24
spin

Arthur
    $600 25
Pan

Arthur
    $600 3
George (H.W.) Bush

Arthur
    $600 12
Murder on the Orient Express

Arthur
    $600 7
Riders of the Purple Sage

Lee
    $600 16
iron

Lee
    $600 28
(John: What are electrons?)

neutrons

ArthurJohn
    $800 26
a scorpion

Arthur
    $800 4
William McKinley

John
    $800 10
(Lee: What is The Boys From Brazil?)

Marathon Man

ArthurLee
    $800 18
Lorna Doone

Lee
    $800 17
an egg

Arthur
    $800 29
electron

John
    $1000 27
Ithaca

Arthur
    $2,000 5
Herbert Hoover

John
    $3,000 11
(Alex: When you have so much money, it's tough figuring out how to spend it!)
...
(Alex: There are no more Daily Doubles.)
(Arthur: I'm going home, then!)

The Last Picture Show (Cybill Shepherd)

Arthur
    $1000 20
Nero Wolfe

John
    $1000 19
protein

Lee
    $1000 30
(Arthur: What are photons?)

quarks

Arthur
Triple Stumper

Scores at the end of the Double Jeopardy! Round:

Arthur Lee John
$15,200 $5,600 $6,000
(lock game)

[wagering suggestions for these scores]

Final Jeopardy! Round responses

COUNTRIES OF THE WORLD
(Alex: Three new players on Jeopardy! tomorrow--see you then!)
LeeWhat is Belize?
$100
JohnWhat Curacao
$5,700
ArthurWhat is Indonesia?
$3,200
Indonesia

Final scores:

Arthur Lee John
$18,400 $5,500 $300
5-day champion: $63,003 2nd place: a trip to Bahamas Princess Resort & Casino 3rd place: a Samsung 27" color television

Game dynamics:

Coryat scores:

Arthur Lee John
$11,400 $5,600 $5,000
30 R
(including 2 DDs),
2 W
16 R,
2 W
12 R
(including 1 DD),
2 W

Combined Coryat: $22,000

[game clues] [game scores] [suggest correction]

Game tape date: 1997-02-04
The J! Archive is created by fans, for fans. Scraping, republication, monetization, and malicious use prohibited; this site may use cookies and collect identifying information. See terms. The Jeopardy! game show and all elements thereof, including but not limited to copyright and trademark thereto, are the property of Jeopardy Productions, Inc. and are protected under law. This website is not affiliated with, sponsored by, or operated by Jeopardy Productions, Inc. Join the discussion at JBoard.tv.